| 000 | 00339nam a22001217a 4500 | ||
|---|---|---|---|
| 040 | _cNust | ||
| 082 |
_a519.4 _bMUH |
||
| 100 |
_aDr. Muhammad Iqbal _929806 |
||
| 245 | _aAn introduction to numerical analysis | ||
| 260 |
_aLahore: _bILMI Kitab khana, _c1998. |
||
| 650 |
_aAn introduction to numerical analysis _9127388 |
||
| 942 |
_2ddc _cBK |
||
| 999 |
_c612523 _d612523 |
||